000 00209nam a2200085 4500
001 1300975
005 20260422110445.0
245 _aZAMAN YOLCULARI ÇANAKKALE SAVAŞINDA
_cMUSTAFA ORAKÇI
260 _bGENÇ TİMAŞ
999 _c1300975
_d1300975